000 00674cam a2200241 4500
001 J1468
008 090401t1993 xxu||||| |||| 00| 0 eng d
035 _a(Sirsi) u43578
041 _aeng
050 _a333.337016
110 _aNorthern Ireland Valuation and Lands Office
_93198
245 _aRetail property Belfast: rental index. - November 1992.
260 _aBelfast
_bValuation and Lands Office
_c1993
300 _a(4)p. : ill.,map ; 30cm.
350 _a0
650 _aNORTHERN IRELAND
650 _aPROPERTY INDEXES
650 _aRENT
650 _aSHOPS
690 _aPROPERTY-COMMERCIAL PROPERTY-RETAIL PROPERTY
942 _n0
948 _c04/03/1997
999 _c91358
_d91358